Early 2000s Disney Channel Music - Statistics

General Stats
  • This quiz has been taken 31 times
  • The average score is 20 of 158
Answer Stats
Artist Answer % Correct
Hannah Montana Best of Both Worlds
62%
Miley Cyrus The Climb
54%
Jonas Brothers Burnin Up
42%
Demi Lovato La La Land
38%
Demi Lovato & Selena Gomez One and the Same
38%
Miley Cyrus Party in the USA
38%
Corbin Bleu Push It to the Limit
38%
Jonas Brothers SOS
38%
Jesse McCartney Beautiful Soul
35%
The Cheetah Girls Cinderella
35%
Hannah Montana Nobody's Perfect
35%
Hilary Duff What Dreams Are Made Of
35%
The Cheetah Girls Amigas Cheetahs
31%
Selena Gomez A Year Without Rain
31%
Hilary Duff Fly
31%
Miley Cyrus Fly on the Wall
31%
Aly & AJ Potential Breakup Song
31%
Vanessa Hudgens Gotta Go My Own Way
27%
Selena Gomez Naturally
27%
Miley Cyrus See You Again
27%
Hilary Duff So Yesterday
27%
The Cheetah Girls Strut
27%
Demi Lovato This is Me
27%
Hilary Duff Wake Up
27%
Selena Gomez Who Says
27%
Miley Cyrus 7 Things
23%
Vanessa Hudgens Breaking Free
23%
Disney Channel Circle of Stars Circle of Life
23%
Ashley Tisdale Fabulous
23%
Ashley Tisdale He Said She Said
23%
Hannah Montana If We Were a Movie
23%
Jonas Brothers Lovebug
23%
Hannah Montana Pumpin Up the Party
23%
Vanessa Hudgens Say OK
23%
Hannah Montana Who Said
23%
Hilary Duff Why Not
23%
Jonas Brothers Year 3000
23%
Hilary Duff Come Clean
19%
Demi Lovato Get Back
19%
Hannah Montana He Could be the One
19%
Hannah Montana I Got Nerve
19%
Selena Gomez Love You Like a Love Song
19%
Selena Gomez Magic
19%
Disney Channel Circle of Stars A Dream is a Wish Your Heart Makes
15%
Emily Osment All the Way Up
15%
Miley Cyrus Breakout
15%
Vanessa Hudgens Everyday
15%
Selena Gomez Everything Is Not What It Seems
15%
Demi Lovato Here We Go Again
15%
Miley Cyrus Hoedown Throwdown
15%
Hannah Montana I Wanna Know You
15%
Hannah Montana Just Like You
15%
Hannah Montana Life's What You Make It
15%
Jesse McCartney Right Where You Want Me
15%
Aly & AJ Rush
15%
Vanessa Hudgens Sneakernight
15%
Hannah Montana The Other Side of Me
15%
Hannah Montana This is the Life
15%
Jump5 Welcome
15%
Jesse McCartney Because You Live
12%
Miley Cyrus Butterfly Fly Away
12%
Vanessa Hudgens Come Back to Me
12%
Demi Lovato Don't Forget
12%
Aly & AJ Do You Believe in Magic
12%
The Cheetah Girls Fuego
12%
The Cheetah Girls Girl Power
12%
Jordan Pruitt Jump to the Rhythm
12%
Ashley Tisdale Kiss the Girl
12%
Hannah Montana Let's Get Crazy
12%
Aly & AJ Like Whoa
12%
Hilary & Haylie Duff Our Lips Are Sealed
12%
Jonas Brothers Play My Music
12%
Demi Lovato Remember December
12%
Selena Gomez Round & Round
12%
Miley Cyrus Start All Over
12%
The Cheetah Girls Step Up
12%
The Cheetah Girls The Party's Just Begun
12%
Lindsay Lohan Ultimate
12%
Demi Lovato Wouldn't Change a Thing
12%
Hannah Montana You'll Always Find Your Way Back Home
12%
Hilary Duff Beat of My Heart
8%
Ashley Tisdale Be Good to Me
8%
Aly & AJ Chemicals React
8%
Selena Gomez Falling Down
8%
Aly & AJ Greatest Time of Year
8%
Mitchel Musso Hey
8%
Jonas Brothers Hold On
8%
Hilary Duff I Can't Wait
8%
Jesse McCartney Just So You Know
8%
Aly & AJ No One
8%
Aly & AJ On the Ride
8%
Hannah Montana Ordinary Girl
8%
Jordan Pruitt Outside Looking In
8%
Corbin Bleu Run It Back Again
8%
Demi Lovato So Far So Great
8%
Raven Symone Superstition
8%
Play Us Against the World
8%
Aly & AJ Walking on Sunshine
8%
Hilary Duff With Love
8%
Vanessa Hudgens You Are the Music in Me
8%
Jonas Brothers A Little Bit Longer
4%
Jump5 All I Can Do
4%
Raven Symone Backflip
4%
Jump5 Beauty and the Beast
4%
Lindsay Lohan Drama Queen (That Girl)
4%
Jordan Pruitt Ever Ever After
4%
Jonas Brothers Fly with Me
4%
Jesse McCartney Get Your Shine On
4%
Miley Cyrus GNO (Girls Night Out)
4%
Jump5 Hawaiian Roller Coaster Ride
4%
Corbin Bleu I Don't Dance
4%
Emily Osment I Don't Think About It
4%
Play I'm Gonna Make You Love Me
4%
LMNT Juliet
4%
Hilary Duff Little Voice
4%
No Secrets Once Upon (Another) Dream
4%
LMNT Open Your Eyes (To Love)
4%
Jonas Brothers Paranoid
4%
Jonas Brothers Pushin Me Away
4%
Miley Cyrus Ready, Set, Don't Go
4%
Hilary Duff Santa Claus Lane
4%
Jesse McCartney She's No You
4%
Jump5 Shining Star
4%
Ashley Tisdale Some Day My Prince Will Come
4%
Hilary Duff Someone's Watching Over Me
4%
Jump5 Spinnin Around
4%
Demi Lovato That's How You Know
4%
Jesse McCartney The Second Star to the Right
4%
Jonas Brothers Tonight
4%
Miley Cyrus When I Look at You
4%
Aly & AJ Zip a Dee Doo Dah
4%
LMNT A Whole New World
0%
Raven Symone Bump
0%
Vanessa Hudgens Colors of the Wind
0%
Corbin Bleu Deal with It
0%
Raven Symone Double Dutch Bus
0%
Jump5 God Bless the USA
0%
Jonas Brothers I Wanna Be Like You
0%
The Cheetah Girls I Won't Say (I'm In Love)
0%
Aly & AJ Jingle Bell Rock
0%
Ashley Tisdale Last Christmas
0%
Hannah Montana Make Some Noise
0%
Emily Osment Once Upon a Dream
0%
Jonas Brothers Poor Unfortunate Souls
0%
Vanessa Hudgens Right Here, Right Now
0%
Hannah Montana Rockin Around the Christmas Tree
0%
The Cheetah Girls So This is Love
0%
Jordan Pruitt Take to the Sky
0%
Selena Gomez Tell Me Something I Don't Know
0%
Raven Symone This Is My Time
0%
Raven Symone True to Your Heart
0%
Corbin Bleu Two Worlds
0%
A*Teens | Raven Symone Under the Sea
0%
Jordan Pruitt We Are Family
0%
Jordan Pruitt When She Loved Me
0%
Jonas Brothers When You Look Me in the Eyes
0%
Jonas Brothers Yo Ho (A Pirate's Life for Me)
0%
No matching quizzes found
Score Distribution
Percent of People with Each Score
Percentile by Number Answered
Your Score History
You have not taken this quiz